| 000 | 00427pab a2200157 454500 | ||
|---|---|---|---|
| 008 | 180718b2011 xxu||||| |||| 00| 0 eng d | ||
| 100 | _aBose, Suvendu | ||
| 245 | _aRestructuring state-owned enterprises of a state government of India: problems, prospects, and lessons learnt | ||
| 260 | _c2011 | ||
| 300 | _ap.47-60. | ||
| 362 | _aJul-Sep | ||
| 650 | _aPublic sector | ||
| 773 | _aVikalpa | ||
| 908 | _aN | ||
| 909 | _a93639 | ||
| 999 |
_c93639 _d93639 |
||